00245nam a22000977a 4500020001800000082002100018100002100039245002900060260004400089300001400133 a9788130022321 a894.81231bTHA/J aTharayil, Rafeeq aJosephinte Thiruseshippu aKozhikode:bPoorna Publications,c2019. a152 pages